000 00243nam a2200085Ia 4500
245 0 _aSuccessful geography. 6
100 _a CARR, David Cape Town, 1996 - [2003] 3rd ed
_980096
942 _cBK
008 210817s9999 xx 000 0 und d
999 _c280482
_d280481